000 01135nam a2200265 a 4500
001 13188
003 BD-JhCC
005 20230720092137.0
008 230720s 2020bg |||| |||| 000 0 eng d
035 _a(BD-JhCC)13188
040 _aBD-JhCC
_dBD-JhCC
041 _aben
082 _a297.18
_bSAR 2020
100 _aসারওয়ার, মাওলানা মুহাম্মাদ ওয়াইস
245 _aহযরত আনাস রা. -এর ১০০ ঘটনা /
_cমাওলানা মুহাম্মাদ ওয়াইস সারওয়ার ; মুফতি আমিনুল ইসলাম (অনু.)
260 _aঢাকা :
_bআনোয়ারা লাইব্রেরি,
_c২০২০
300 _a১১২ পৃ. :
_c২১ সেমি.
490 _aশতো ঘটনা সিরিজ-০৯
504 _aগ্রন্থপঞ্জি সংযোজিত।
600 _aHazrat Anas Ra.
650 _aMuslim legend
650 _ajuvenile literature
700 _aইসলাম, মুফতি আমিনুল
942 _2ddc
_cBK
999 _c13188
_d13188